|
|
|
|
| LEADER |
01294nab#a2200301#ar4500 |
| 001 |
000071685 |
| 003 |
SVKKK |
| 005 |
20010410xxxxxxx. |
| 008 |
06 c xo huno |
| FMT |
|
|
|
| 038 |
|
|
|a SVKKK
|
| 040 |
|
|
|a SVKKK
|b slo
|e AACR2
|
| 041 |
0 |
|
|a hun
|
| 044 |
|
|
|a xo
|c SK
|
| 080 |
|
|
|a 282:262.1
|
| 242 |
1 |
0 |
|a Uvedenie duchovného do funkcie
|
| 245 |
0 |
0 |
|a Plébánosi beiktatás
|
| 520 |
2 |
|
|a Koncom augusta 1917 uviedol do funkcie rímskokatolíckeho farára v obci Rákoš opát Ján (János) Valihora z Lučenca Ľudovíta (Lajos) Tihanyiho. Tri roky tu pôsobil ako administrátor. [Narodil sa 21. 02. 1881, vysvätený bol 25. 06. 1905. Pôsobil v Gelnici, Rimavskej Sobote, Krompachoch, Muránskej Dlhej Lúke. Pozri aj Schematismus ... Rosnaviensis ... 1927, s. 200].
|
| 650 |
0 |
4 |
|a cirkev rímskokatolícka - biskupstvo rožňavské - Tihanyi, Ľudovít (kňaz rímskokatolícky, administrátor, [1881-?]) - Rákoš (RV) - farár (hodnosť cirkevná) - august 1917 - uvedenie do funkcie - správy
|
| 773 |
0 |
|
|t Murányvölgye : Szépirodalmi, társadalmi és közgazdasági hetilap
|g Roč. 7, č. 35 (02.09.1917) s. 2
|
| 957 |
|
|
|a Rákoš
|
| 958 |
|
|
|a CI
|
| 958 |
|
|
|a DG
|
| 958 |
|
|
|a SK
|
| 974 |
|
|
|a ebl
|d 20010410
|
| 992 |
|
|
|a RBX
|
| BAS |
|
|
|
| 998 |
|
|
|a RETRO
|